Регионална библиотека "Любен Каравелов" - Русе

Цветя през пролетта и лятото (Запис номер 639)

MARC детайли
000 -Лидер
Контролно поле с фиксирана дължина 01470nam a2200361 a 4500
003 - Код на организацията, давaща контролен номер
Контролно поле BLK
005 - Дата и час на последна редакция
Контролно поле 20230530102338.0
008 - Елементи от данни с фиксирана дължина
fixed length control field 180412b bul|||||r ||||||| ||bul||
010 ## - Наследен системен номер
LC control number KNG00001126000
020 ## - Международен стандартен номер на книга ISBN
Международен стандартен номер на книга ISBN 954-05-0306-Х
040 ## - Източник на каталожния запис
Идентификатор на билиотеката - собственик на записа BLK
041 ## - Код за език
Код за езика на текст/звукозапис или на отделно заглавие Български
Код за езика КДБФ Български
080 ## - УДК
Текстов определител УДК Декоративни растения. Декоративно градинарство
УДК код - определител по УДК 635.9
УДК определител (035)
УДК - код + определител 635.9(035)
100 1# - Редна дума - Автор
Автор Динова, Маргарита Ст.
Авторска отговорност първи автор
R(LIN) 242766
139 ## - Редно поле
Редна дума Динова, Маргарита Ст. и др.
Авторски знак Дин - Д 62
245 10 - Сведения за заглавието
Заглавие Цветя през пролетта и лятото
Подзаглавни данни Ръководство
Редно поле (дума) Маргарита Ст. Динова; съавт. Берта Лейбашевна Кременштейн.
257 ## - Страна на издаване
Страна на създаване/издаване България
260 ## - Област на издателските данни
Място на издаване, разпространение и проч. София
Име на издателя, разпространителя и проч. Земиздат
Година на издаване 1994
300 ## - Физическа характеристика
Страници 187 с.
Илюстрации и др. с цв. ил.
Размери/Мащаб 20 см
380 ## - Жанр
Жанр Селско стопанство
650 #4 - Допълнително описание по предмет – тема
Основно описание – тема или топоним Цветарство - наръчници и ръководства
9 (RLIN) 242105
650 #4 - Допълнително описание по предмет – тема
Основно описание – тема или топоним Декоративни растения - наръчници и ръководства
9 (RLIN) 242106
653 ## - Ключова дума – ненормативна
Ключова дума цветя
653 ## - Ключова дума – ненормативна
Ключова дума цветарство
700 1# - Други автори (авторска отговорност)
Лично име Кременштейн, Берта Лейбашевна
Автороска отговорност (Описва отношението между автора и произведението) съавт.
9 (RLIN) 242767
852 ## - Местоположение
Форматна сигнатура Цб 176004
Фондова буква Хранилище
856 4# - Електронен адрес и достъп
Електронен формат pdf - файл
Път до файла /url/
856 4# - Електронен адрес и достъп
Електронен формат pdf - файл
Път до файла /url/
942 ## - АРТИКУЛИ
Вид на библиотечния материал Книги
Скрит в OPAC Не
944 ## - СЪЗДАВАНЕ И РЕДАКЦИЯ на ЗАПИСА
Създаване/Редакция Създаване
Дата на регистрацията/редакция 15.01.2003
Служител, извършил регистрацията/редакцията Геновева_Генчева
944 ## - СЪЗДАВАНЕ И РЕДАКЦИЯ на ЗАПИСА
Създаване/Редакция Редакция
Дата на регистрацията/редакция 17.12.2008
999 ## - СИСТЕМНИ КОНТРОЛНИ НОМЕРА
Koha biblionumber 639
Koha biblioitemnumber 639
999 ## - СИСТЕМНИ КОНТРОЛНИ НОМЕРА
Koha biblioitemnumber 639
Наличности
Код за отписване Код за изгубен артикул Източник на класификационната схема Код за повреда Коз за рестрикции Код за отдаване Артикулен № Име на библиотеката - собственик Име на библиотеката, в която се намира в момента Статус (Текущо местоположение) Дата на вписване в системата Местоположение - отдел Цена в лева Инвентарен номер Систематично азбучна сигнатура Баркод Номер на екземпляра Цена в евро Служебна бележка Служебен тип на артикула
  Не е изгубен Universal Decimal Classification Не е повреден без рестрикции ползва се в читалня 1302 Регионална библиотека "Любен Каравелов" Русе Регионална библиотека "Любен Каравелов" Русе Хранилище 1994-01-01 Хранилище 0.78 601029 Цб 176004 120000601029 1 0.40 Дост: Dp Вид: Д N: 11 Дата: 01.01.1994 Книги
Изтеглен Не е изгубен Universal Decimal Classification Не е повреден без рестрикции заемане за дома 1303 Регионална библиотека "Любен Каравелов" Русе Регионална библиотека "Любен Каравелов" Русе Детски отдел 1994-01-01 Детски отдел 0.84 600353 ДН 633/635/Д 62 600353 2 0.43 Дост: Pk Вид: Ф N: стар фонд Дата: 01.01.1994 Дата инв: 20.08.2015 Бележки инв: Д2015 Книги
Изтеглен Не е изгубен Universal Decimal Classification Не е повреден без рестрикции заемане за дома 1304 Регионална библиотека "Любен Каравелов" Русе Регионална библиотека "Любен Каравелов" Русе Заемна - подръчен фонд 1994-01-01 Заемна - подръчен фонд 0.84 600355 П 635.9/Д 62 600355 3 0.43 Дост: Pk Вид: Ф N: стар фонд Дата: 01.01.1994 Книги
Vip Innovations Ltd, Rousse, Bulgaria 2025